The noble scholar, jurist, historian


 His Excellency Dr. Abdul Wahhab bin Ibrahim Abu Sulaiman, may Allah have mercy on him.


 He was born in Umm Al-Qura in the year 1356 AH.

الفهارس العلمية لشرح صحيح البخاري لابن البطال / (Record no. 14252)

MARC details
000 -LEADER
fixed length control field 02069cam a2200313 i 4500
003 - CONTROL NUMBER IDENTIFIER
control field SA-RiAUC
005 - DATE AND TIME OF LATEST TRANSACTION
control field 20260204144018.0
008 - FIXED-LENGTH DATA ELEMENTS--GENERAL INFORMATION
fixed length control field 260203s2004 su g 001 0 ara c
024 0# - OTHER STANDARD IDENTIFIER
Standard number or code 00000000278443
040 ## - CATALOGING SOURCE
Original cataloging agency SA-JeALM
Language of cataloging ara
Transcribing agency SA-RiAUC
Modifying agency SA-MaUQU
Description conventions rda
082 04 - DEWEY DECIMAL CLASSIFICATION NUMBER
Classification number 235.1016
Assigning agency SA-RiAUC
090 ## - LOCALLY ASSIGNED LC-TYPE CALL NUMBER (OCLC); LOCAL CALL NUMBER (RLIN)
Classification number (OCLC) (R) ; Classification number, CALL (RLIN) (NR) 235.1016
Local cutter number (OCLC) ; Book number/undivided call number, CALL (RLIN) ص ب ي
100 1# - MAIN ENTRY--PERSONAL NAME
Personal name الصبيحي، إبراهيم بن سعيد
Relator term مؤلف.
245 12 - TITLE STATEMENT
Title الفهارس العلمية لشرح صحيح البخاري لابن البطال /
Statement of responsibility, etc. أعدها أبي أنس إبراهيم بن سعيد الصبيحي.
250 ## - EDITION STATEMENT
Edition statement الطبعة الثالثة.
264 #1 - PRODUCTION, PUBLICATION, DISTRIBUTION, MANUFACTURE, AND COPYRIGHT NOTICE
Place of production, publication, distribution, manufacture الرياض :
Name of producer, publisher, distributor, manufacturer مكتبة الرشد،
Date of production, publication, distribution, manufacture, or copyright notice 2004
300 ## - PHYSICAL DESCRIPTION
Extent 595 صفحة ؛
Dimensions 24 سم.
336 ## - CONTENT TYPE
Content type term نص
Content type code txt
Source rdacontent
Materials specified كتاب
337 ## - MEDIA TYPE
Media type term بدون وسيط
Media type code n
Source rdamedia
338 ## - CARRIER TYPE
Carrier type term مجلد
Carrier type code nc
Source rdacarrier
505 0# - FORMATTED CONTENTS NOTE
Formatted contents note المحتويات : 1 – مقدمة الفهارس-2 – فهرس الآيات القرآنية-3 – فهرس الأحاديث-4 – فهرس الآثار-5 – فهرس لمواضع الإجماع-6 – فهرس للمسائل والأحكام التي تتعلق بالأمير-8 – فهرس للأحكام التي انفرد بها أو شذ بها بعض أهل العلم-9 – فهرس مواضع القياس-10 – فهرس مواضع ذكر فيها أهل الرأي-11 – فهرس مواضع ذكر فيها أهل الظاهر ... وموضوعات أخرى.
650 #7 - SUBJECT ADDED ENTRY--TOPICAL TERM
Topical term or geographic name entry element الحديث
Form subdivision فهارس
Source of heading or term aucsh
650 #7 - SUBJECT ADDED ENTRY--TOPICAL TERM
Topical term or geographic name entry element الحديث
General subdivision شرح
Source of heading or term aucsh
650 #7 - SUBJECT ADDED ENTRY--TOPICAL TERM
Topical term or geographic name entry element صحيح البخاري
Source of heading or term aucsh
700 12 - ADDED ENTRY--PERSONAL NAME
Personal name ابن بطال، علي بن خلف بن عبد الملك،
Dates associated with a name توفي 449 هجري
Relationship information شرح لـ :
Title of a work شرح صحيح البخاري.
700 12 - ADDED ENTRY--PERSONAL NAME
Personal name البخاري، محمد بن إسماعيل بن إبراهيم،
Dates associated with a name 194-256 هجري.
Relationship information شرح لـ :
Title of a work الجامع الصحيح المسند المختصر من حديث رسول الله صلى الله عليه وسلم وسننه وأيامه
942 ## - ADDED ENTRY ELEMENTS (KOHA)
Source of classification or shelving scheme Dewey Decimal Classification
Koha item type Books
Suppress in OPAC No
949 ## - LOCAL PROCESSING INFORMATION (OCLC)
a SA-JeALM
d 260203
u osman123
n 1
Holdings
Withdrawn status Lost status Source of classification or shelving scheme Damaged status Not for loan Home library Current library Date acquired Total checkouts Full call number Barcode Date last seen Price effective from Koha item type
    Dewey Decimal Classification     DR AbdElwahab Library DR AbdElwahab Library 02/04/2026   235.1016 ص ب ي 000002296 02/04/2026 02/04/2026 Books